| 000 | 00387cam a2200133ua 4500 | ||
|---|---|---|---|
| 041 |
_aeng _h |
||
| 100 | _aNag, A . | ||
| 245 |
_aAnalytical techniques in agriculture, biotechnology and environmental engineering / _cA.Nag. _hTextual Documents |
||
| 260 |
_aNew Delhi : _bPrentice Hall of India Pvt Ltd. , _c2006. |
||
| 300 | _a ; . | ||
| 504 | _a | ||
| 942 | _cBK | ||
| 999 |
_c12992 _d12992 |
||